Economic management within a global context

Tallennettuna:
Bibliografiset tiedot
Aineistotyyppi: Kirja
Kieli:Undetermined
Julkaistu: Tokyo Economic Planning Agency Japanese Govermwnt 1986
Aiheet:
Tagit: Lisää tagi
Ei tageja, Lisää ensimmäinen tagi!
Thư viện lưu trữ: Trung tâm Học liệu Trường Đại học Cần Thơ
LEADER 00463nam a2200157Ia 4500
001 CTU_79387
008 210402s9999 xx 000 0 und d
082 |a 338.9 
082 |b E17 
245 0 |a Economic management within a global context 
260 |a Tokyo 
260 |b Economic Planning Agency Japanese Govermwnt 
260 |c 1986 
650 |a Economic conditions,Economic policy 
650 |z Japan 
980 |a Trung tâm Học liệu Trường Đại học Cần Thơ